| 000 | 00387nam a22001577a 4500 | ||
|---|---|---|---|
| 020 | _a9788199328495 | ||
| 082 |
_aM4 _bPOK/G |
||
| 100 | _aPokker P K | ||
| 245 |
_aGramsci muthal vedan vare/ _cby Pokker P K |
||
| 260 |
_aThrissur: _bGoosebery Books, _c2025. |
||
| 300 | _a208p. | ||
| 650 | _aEssays Malayalam | ||
| 650 | _aLiterature Malayalam | ||
| 650 | _aLiterature | ||
| 942 | _cBK | ||
| 999 |
_c181817 _d181817 |
||